[Event "Brühler SK 1 - Oberhausener SV 1"]
[Site "NRW-Klasse - Gruppe 3 2019/20"]
[Date "2019.09.08"]
[Round "1.7"]
[White "Groß, Thomas"]
[Black "Haskelman, Evgen"]
[Result "0-1"]
[WhiteElo "2004"]
[BlackElo "2070"]
[Annotator "Daniel"]
[PlyCount "114"]
[EventDate "2019.??.??"]
[SourceVersionDate "2020.03.16"]
[WhiteTeam "Oberhausener SV 1"]
[BlackTeam "Brühler SK 1"]

1. Nf3 e6 2. g3 f5 3. Bg2 Nf6 4. O-O d5 5. d3 Bd6 6. c4 c6 7. Nc3 Bc7 8. cxd5
exd5 9. e4 dxe4 10. dxe4 Qxd1 11. Rxd1 O-O 12. e5 Ne4 13. Re1 Nc5 14. Bf1 Nba6
15. Ng5 h6 16. Bc4+ Kh8 17. Nf7+ Kh7 18. Nd6 b5 19. Bf1 Nb4 20. Rd1 Nc2 21. Rb1
b4 22. Ne2 Be6 23. b3 $11 Ne4 24. Bb2 Bb6 25. Nd4 Nxd4 26. Bxd4 c5 27. Ba1 c4
28. Nxc4 Bxf2+ 29. Kg2 f4 30. Bd3 f3+ 31. Kh1 Bf5 32. Nd6 Nxd6 33. exd6 Rad8
34. Rbc1 Bb6 35. Be5 f2 36. Bxf5+ Rxf5 37. Ba1 Rxd6 38. Rf1 Rd2 39. Kg2 Rxa2
40. Rcd1 Rf7 41. Bd4 Bxd4 42. Rxd4 a5 43. Re4 Ra3 44. Re5 Ra2 45. Re4 Rb2 46.
Re5 Rxb3 47. Rxa5 Rb2 48. Ra6 Rb7 49. Rxf2 Rxf2+ 50. Kxf2 b3 51. Ra1 b2 52. Rb1
Kg6 53. Ke3 Kf5 54. Kf3 Rb3+ 55. Kf2 Ke4 56. Ke2 Rb8 57. h3 g6 0-1

[Event "Brühler SK 1 - Oberhausener SV 1"]
[Site "NRW-Klasse - Gruppe 3 2019/20"]
[Date "2019.09.08"]
[Round "1.8"]
[White "Hank, Holger"]
[Black "Voge, Andreas"]
[Result "1/2-1/2"]
[WhiteElo "1948"]
[BlackElo "2026"]
[PlyCount "35"]
[EventDate "2019.??.??"]
[SourceVersionDate "2020.03.16"]
[WhiteTeam "Brühler SK 1"]
[BlackTeam "Oberhausener SV 1"]

1. Nf3 Nf6 2. c4 c6 3. g3 d5 4. Bg2 e6 5. b3 Bd6 6. Bb2 O-O 7. O-O Nbd7 8. Nc3
b6 9. Rc1 Bb7 10. Qc2 Rc8 11. Qb1 Qe7 12. cxd5 Nxd5 13. Nxd5 cxd5 14. Rxc8 Rxc8
15. Rc1 Qd8 16. h4 Rxc1+ 17. Qxc1 Qc7 18. Qxc7 1/2-1/2

[Event "DJK Aufwärts Aachen 3 - SV Turm Kamp-Li"]
[Site "NRW-Klasse - Gruppe 3 2019/20"]
[Date "2019.09.08"]
[Round "1.1"]
[White "Ratering, Jona"]
[Black "Draeger, Thomas"]
[Result "1/2-1/2"]
[WhiteElo "2104"]
[BlackElo "2208"]
[PlyCount "37"]
[EventDate "2019.??.??"]
[SourceVersionDate "2020.03.16"]
[WhiteTeam "SV Turm Kamp-Lintfort 1"]
[BlackTeam "DJK Aufwärts Aachen 3"]

1. Nf3 c5 2. c4 Nc6 3. d4 cxd4 4. Nxd4 Nf6 5. Nc3 e6 6. a3 Be7 7. e4 O-O 8. Be2
d5 9. exd5 exd5 10. cxd5 Nxd5 11. Nxc6 bxc6 12. Nxd5 cxd5 13. O-O Bf6 14. Rb1
Be6 15. Bf4 Qb6 16. Bd3 Qa5 17. Qf3 Rac8 18. Rfd1 Rfe8 19. h3 1/2-1/2

[Event "DJK Aufwärts Aachen 3 - SV Turm Kamp-Li"]
[Site "NRW-Klasse - Gruppe 3 2019/20"]
[Date "2019.09.08"]
[Round "1.2"]
[White "Marcziter, Dmitrii"]
[Black "Westermann, Johannes"]
[Result "1-0"]
[WhiteElo "2254"]
[BlackElo "2020"]
[PlyCount "81"]
[EventDate "2019.??.??"]
[SourceVersionDate "2020.03.16"]
[WhiteTeam "DJK Aufwärts Aachen 3"]
[BlackTeam "SV Turm Kamp-Lintfort 1"]

1. d4 d5 2. c4 e6 3. Nc3 Nf6 4. Bg5 Be7 5. e3 h6 6. Bh4 O-O 7. cxd5 exd5 8. Qc2
c6 9. Bd3 Nbd7 10. Nge2 Re8 11. f3 Nf8 12. O-O N6h7 13. Bf2 Ng5 14. Rad1 Be6
15. e4 dxe4 16. fxe4 Qa5 17. Ng3 g6 18. Be3 h5 19. e5 Red8 20. Qd2 Ngh7 21.
Nge4 Rd7 22. Qf2 Qd8 23. Qf4 Qe8 24. h3 a6 25. Qh6 Bd5 26. Nxd5 cxd5 27. Nf6+
Bxf6 28. exf6 Ne6 29. Rde1 Qf8 30. Bxg6 Qxh6 31. Bxh6 Nxd4 32. Bxh5 Nc6 33. Rf3
Nf8 34. Rg3+ Kh7 35. Bg7 Ne6 36. Bg4 Re8 37. Bf5+ Kg8 38. Rg4 Rd6 39. Re3 Ncd4
40. Bh6+ Kh8 41. Rxd4 1-0

[Event "DJK Aufwärts Aachen 3 - SV Turm Kamp-Li"]
[Site "NRW-Klasse - Gruppe 3 2019/20"]
[Date "2019.09.08"]
[Round "1.3"]
[White "Nurkowski-Buerkle, Ruediger"]
[Black "Juegel, Marcel"]
[Result "1/2-1/2"]
[WhiteElo "2014"]
[BlackElo "2162"]
[PlyCount "47"]
[EventDate "2019.??.??"]
[SourceVersionDate "2020.03.16"]
[WhiteTeam "SV Turm Kamp-Lintfort 1"]
[BlackTeam "DJK Aufwärts Aachen 3"]

1. d4 e6 2. Bf4 b6 3. e3 Bb7 4. Nf3 f5 5. Be2 Nf6 6. Nbd2 Be7 7. h3 Qc8 8. c3
a5 9. a4 Nc6 10. Qc2 Nd8 11. Bd3 Nf7 12. e4 fxe4 13. Nxe4 Nxe4 14. Bxe4 Bxe4
15. Qxe4 Rb8 16. O-O O-O 17. d5 Nd6 18. Bxd6 cxd6 19. dxe6 dxe6 20. Nd4 Rf6 21.
Rad1 e5 22. Qd5+ Kh8 23. Nc6 Rb7 24. Nxe7 1/2-1/2

[Event "DJK Aufwärts Aachen 3 - SV Turm Kamp-Li"]
[Site "NRW-Klasse - Gruppe 3 2019/20"]
[Date "2019.09.08"]
[Round "1.4"]
[White "Deider, Kevin"]
[Black "Bosser, Heinz-Dieter"]
[Result "1-0"]
[WhiteElo "1940"]
[BlackElo "1979"]
[PlyCount "53"]
[EventDate "2019.??.??"]
[SourceVersionDate "2020.03.16"]
[WhiteTeam "DJK Aufwärts Aachen 3"]
[BlackTeam "SV Turm Kamp-Lintfort 1"]

1. e4 e6 2. d4 d5 3. Nc3 Nf6 4. e5 Nfd7 5. f4 c5 6. Nf3 Nc6 7. Be3 a6 8. Qd2
Be7 9. dxc5 Bxc5 10. O-O-O Qb6 11. Bxc5 Nxc5 12. f5 Ne4 13. Nxe4 dxe4 14. Ng5
exf5 15. e6 fxe6 16. Bc4 Na5 17. Be2 O-O 18. Rhf1 h6 19. Nxe4 fxe4 20. Rxf8+
Kxf8 21. Qf4+ Kg8 22. Bh5 e5 23. Qf7+ Kh7 24. Qe8 Bg4 25. Qxa8 Bxh5 26. Qd8
Bxd1 27. Qxb6 1-0

[Event "DJK Aufwärts Aachen 3 - SV Turm Kamp-Li"]
[Site "NRW-Klasse - Gruppe 3 2019/20"]
[Date "2019.09.08"]
[Round "1.5"]
[White "Esser, Jochen"]
[Black "Gourevitch, Mikhail"]
[Result "0-1"]
[WhiteElo "1938"]
[BlackElo "2114"]
[PlyCount "86"]
[EventDate "2019.??.??"]
[SourceVersionDate "2020.03.16"]
[WhiteTeam "SV Turm Kamp-Lintfort 1"]
[BlackTeam "DJK Aufwärts Aachen 3"]

1. e4 c5 2. Nf3 e6 3. d3 Nc6 4. g3 g6 5. Bg2 Bg7 6. O-O Nge7 7. Nbd2 O-O 8. c3
b6 9. Re1 a5 10. Nf1 Ba6 11. d4 cxd4 12. Nxd4 Nxd4 13. cxd4 Rc8 14. Bg5 h6 15.
Be3 d5 16. Qd2 Kh7 17. Rac1 Qd7 18. e5 Nc6 19. a3 a4 20. Qd1 Na5 21. Nd2 Rxc1
22. Qxc1 Rc8 23. Qb1 Qc6 24. h4 Qc2 25. Bf1 Bxf1 26. Kxf1 Bf8 27. Ke2 b5 28.
Qxc2 Rxc2 29. Rb1 Nc4 30. Kd3 Rxb2 31. Rxb2 Nxb2+ 32. Kc2 Nc4 33. Nxc4 dxc4 34.
Bc1 b4 35. axb4 Bxb4 36. Bb2 Be1 37. g4 h5 38. f3 Bxh4 39. Kc3 Bg5 40. Kxc4 h4
41. d5 exd5+ 42. Kxd5 h3 43. e6 fxe6+ 0-1

[Event "DJK Aufwärts Aachen 3 - SV Turm Kamp-Li"]
[Site "NRW-Klasse - Gruppe 3 2019/20"]
[Date "2019.09.08"]
[Round "1.6"]
[White "Schloemer, Armin"]
[Black "Schubert, Mario"]
[Result "1-0"]
[WhiteElo "1937"]
[BlackElo "1915"]
[Annotator "Daniel"]
[PlyCount "81"]
[EventDate "2019.??.??"]
[SourceVersionDate "2020.03.16"]
[WhiteTeam "DJK Aufwärts Aachen 3"]
[BlackTeam "SV Turm Kamp-Lintfort 1"]

1. e4 c5 2. Nc3 Nc6 3. Bb5 g6 4. Bxc6 dxc6 5. d3 Bg7 6. f4 Nh6 7. Be3 b6 8. h3
Bd4 9. Qd2 f6 10. Nf3 Nf7 11. a3 Qd7 12. b4 Bxe3 13. Qxe3 cxb4 14. axb4 Qc7 15.
O-O O-O 16. d4 Nd6 17. Nd2 e6 18. Rfd1 Bb7 $11 19. Na4 Rfd8 20. Qb3 Qf7 21. c4
Ne8 22. Qe3 Nc7 23. Nb3 Ba6 24. Rac1 Rab8 25. Nb2 Qe7 26. Nd3 Rd7 27. c5 Bb5
28. Ra1 Na6 29. Qe1 Rbd8 30. Qc3 Nb8 31. Ra2 e5 32. fxe5 fxe5 33. Nxe5 Rc7 34.
Rf2 Qh4 35. Ng4 Rf7 36. Rxf7 Kxf7 37. d5 Re8 38. dxc6 Nxc6 39. Rd7+ Re7 40. Rd6
Rxe4 41. Qf3+ 1-0

[Event "DJK Aufwärts Aachen 3 - SV Turm Kamp-Li"]
[Site "NRW-Klasse - Gruppe 3 2019/20"]
[Date "2019.09.08"]
[Round "1.7"]
[White "Marganiec, Wolfgang"]
[Black "Braeuer, Karl-Heinz"]
[Result "1/2-1/2"]
[WhiteElo "1774"]
[BlackElo "1970"]
[PlyCount "123"]
[EventDate "2019.??.??"]
[SourceVersionDate "2020.03.16"]
[WhiteTeam "SV Turm Kamp-Lintfort 1"]
[BlackTeam "DJK Aufwärts Aachen 3"]

1. e4 e6 2. d4 d5 3. Bd3 Bd7 4. Ne2 dxe4 5. Bxe4 Bc6 6. Nbc3 Nf6 7. Bg5 Be7 8.
Bxf6 Bxf6 9. O-O O-O 10. Qd3 g6 11. Rad1 Bg7 12. b3 a6 13. d5 exd5 14. Bxd5 Qc8
15. Qf3 Nd7 16. Bxc6 Ne5 17. Qd5 Nxc6 18. Qd7 Ne5 19. Qxc8 Raxc8 20. Nd5 Rfe8
21. Ne3 c5 22. c4 b5 23. Rd6 Nc6 24. cxb5 axb5 25. Rc1 Nd4 26. Kf1 Ra8 27. Nc3
Rec8 28. Ned5 Bf8 29. Rd7 Ra3 30. Nc7 Ra7 31. N3d5 Ne6 32. Nf6+ Kh8 33. Nxb5
Rxa2 34. Rb1 Kg7 35. Ne4 Rca8 36. Nc7 Nxc7 37. Rxc7 Rc2 38. g4 Raa2 39. h4 Re2
40. Re1 Reb2 41. Re3 Rb1+ 42. Kg2 Raa1 43. Nxc5 Bd6 44. Rc6 Rg1+ 45. Kf3 Bxc5
46. Rxc5 Ra2 47. Rce5 h6 48. Re1 Rxe1 49. Rxe1 Rb2 50. Re3 Kf6 51. Rc3 Ke5 52.
Ke3 Kd5 53. Rd3+ Ke5 54. f4+ Ke6 55. Kd4 Rf2 56. Re3+ Kd6 57. Ke4 h5 58. gxh5
f5+ 59. Kd3 gxh5 60. Rg3 Rxf4 61. Rg5 Rxh4 62. Rxf5 1/2-1/2

[Event "DJK Aufwärts Aachen 3 - SV Turm Kamp-Li"]
[Site "NRW-Klasse - Gruppe 3 2019/20"]
[Date "2019.09.08"]
[Round "1.8"]
[White "Hennicken, Reinhard"]
[Black "Moser, Rainer"]
[Result "1-0"]
[WhiteElo "1913"]
[BlackElo "1583"]
[PlyCount "71"]
[EventDate "2019.??.??"]
[SourceVersionDate "2020.03.16"]
[WhiteTeam "DJK Aufwärts Aachen 3"]
[BlackTeam "SV Turm Kamp-Lintfort 1"]

1. e4 c5 2. Nf3 Nc6 3. c4 g6 4. d4 cxd4 5. Nxd4 Bg7 6. Nxc6 bxc6 7. Nc3 d6 8.
Be2 Nf6 9. O-O O-O 10. Be3 h5 11. h3 Ba6 12. Rc1 Nd7 13. Qd2 Qc7 14. f4 Rfd8
15. b3 Qa5 16. Rfd1 Nc5 17. Bf3 Bb7 18. Kh1 a6 19. Ne2 Qxd2 20. Rxd2 Nd7 21. e5
Bf8 22. Rcd1 Rab8 23. Ba7 Ra8 24. Bf2 Kg7 25. Nc3 Rab8 26. exd6 exd6 27. Ne4 d5
28. Bd4+ Kh6 29. cxd5 cxd5 30. Ng5 Bb4 31. Nxf7+ Kh7 32. Rc2 Rdc8 33. Rdc1 Kg8
34. Rxc8+ Rxc8 35. Rxc8+ Bxc8 36. Bxd5 1-0

[Event "SC Tornado Hochneukirch 1 - Krefelder S"]
[Site "NRW-Klasse - Gruppe 3 2019/20"]
[Date "2019.09.08"]
[Round "1.1"]
[White "Maes, Valery"]
[Black "Bub, Volker"]
[Result "1-0"]
[WhiteElo "2065"]
[BlackElo "2064"]
[Annotator "Daniel"]
[PlyCount "99"]
[EventDate "2019.??.??"]
[SourceVersionDate "2020.03.16"]
[WhiteTeam "Krefelder SK Turm 2"]
[BlackTeam "SC Tornado Hochneukirch 1"]

1. d4 Nf6 2. Nf3 g6 3. c4 Bg7 4. Nc3 O-O 5. Bg5 c5 6. e3 d6 7. h3 Nc6 8. Be2 a6
9. O-O b6 10. Rc1 h6 11. Bf4 Ra7 12. d5 Nb8 13. e4 b5 14. cxb5 axb5 15. Bxb5
Qa5 16. a4 Qb4 17. Qc2 Nbd7 18. Rfe1 Ba6 19. Bd2 Qa5 20. b3 Rb8 21. e5 Nxe5 22.
Nxe5 dxe5 23. Rxe5 Qc7 24. Re2 Qd6 25. Bxa6 Qxa6 26. Be3 Rab7 27. Nb5 Nxd5 28.
Qxc5 e6 29. Rec2 Bf8 30. Qd4 Bg7 $11 31. Qd2 Kh7 32. Bd4 Bf8 33. Be5 Rd8 34.
Rc8 Rbd7 35. Rxd8 Rxd8 36. Rd1 Rc8 37. Bb2 Qb6 38. Bd4 Qd8 39. Bb2 Bg7 40. Bxg7
Kxg7 41. Nc3 Rb8 42. Nxd5 exd5 43. Qd4+ Kg8 44. b4 Ra8 45. a5 Rb8 46. a6 Qc8
47. Ra1 Rb5 48. a7 Qa8 49. Ra5 Rxa5 50. bxa5 1-0

[Event "SC Tornado Hochneukirch 1 - Krefelder S"]
[Site "NRW-Klasse - Gruppe 3 2019/20"]
[Date "2019.09.08"]
[Round "1.2"]
[White "Huesmann, Thomas"]
[Black "Gutkin, Ilya"]
[Result "0-1"]
[WhiteElo "2134"]
[BlackElo "2060"]
[PlyCount "50"]
[EventDate "2019.??.??"]
[SourceVersionDate "2020.03.16"]
[WhiteTeam "SC Tornado Hochneukirch 1"]
[BlackTeam "Krefelder SK Turm 2"]

1. e4 e6 2. d4 d5 3. e5 c5 4. c3 Nc6 5. Nf3 Nge7 6. Bd3 cxd4 7. cxd4 Nf5 8.
Bxf5 exf5 9. O-O Be6 10. Nc3 Be7 11. Be3 g5 12. Ne1 f4 13. Bc1 Qd7 14. a3 f6
15. Nd3 O-O 16. exf6 Rxf6 17. Ne5 Nxe5 18. dxe5 Rf5 19. Re1 d4 20. Nb1 f3 21.
gxf3 Raf8 22. Re4 Rxf3 23. Rxd4 Qc6 24. Be3 Bh3 25. Nc3 Rg3+ 0-1

[Event "SC Tornado Hochneukirch 1 - Krefelder S"]
[Site "NRW-Klasse - Gruppe 3 2019/20"]
[Date "2019.09.08"]
[Round "1.3"]
[White "Ricken, Katharina"]
[Black "Zimmermann, Rolf"]
[Result "0-1"]
[WhiteElo "1971"]
[BlackElo "2098"]
[Annotator "Daniel"]
[PlyCount "132"]
[EventDate "2019.??.??"]
[SourceVersionDate "2020.03.16"]
[WhiteTeam "Krefelder SK Turm 2"]
[BlackTeam "SC Tornado Hochneukirch 1"]

1. Nf3 d5 2. g3 c6 3. Bg2 Nf6 4. c4 e6 5. O-O Nbd7 6. d4 Be7 7. Qc2 O-O 8. b3
b6 9. Rd1 Bb7 10. Nc3 Rc8 11. e4 dxe4 12. Nxe4 c5 13. Nxf6+ Bxf6 14. Ng5 Bxg5
15. Bxb7 Rc7 16. dxc5 bxc5 17. Be4 Bxc1 18. Raxc1 h6 19. Rd2 Qe7 20. Rcd1 Nf6
21. Kg2 Rd7 22. Rxd7 Nxd7 23. Qd3 Nf6 24. Bf3 Rc8 25. Qd6 Qxd6 26. Rxd6 Kf8 27.
Kf1 $11 Ke7 28. Rd3 Rd8 29. Rxd8 Kxd8 30. Ke2 Kc7 31. Kd2 Nd7 32. h3 Kd6 33.
Kc3 a5 34. a3 g5 35. Bg2 f5 36. b4 axb4+ 37. axb4 cxb4+ 38. Kxb4 e5 39. Bf3 e4
40. Be2 f4 41. gxf4 gxf4 42. Bg4 Nc5 43. Be2 f3 44. Bf1 e3 45. fxe3 Ne4 46. Bd3
f2 47. Kb5 Kc7 48. Kb4 Kb6 49. c5+ Nxc5 50. Be2 Ne4 51. Kc4 Ng3 52. Bd3 Kc6 53.
Kd4 Kd6 54. e4 f1=Q 55. Bxf1 Nxf1 56. e5+ Ke6 57. Ke4 Ng3+ 58. Kf4 Nh5+ 59. Kg4
Ng7 60. Kf4 Kd5 61. h4 Ke6 62. Ke4 Nh5 63. Kd4 Ng3 64. Ke3 Kxe5 65. Kf3 Nh5 66.
Kg4 Ng7 0-1

[Event "SC Tornado Hochneukirch 1 - Krefelder S"]
[Site "NRW-Klasse - Gruppe 3 2019/20"]
[Date "2019.09.08"]
[Round "1.4"]
[White "Ljuboschiz, Alexander"]
[Black "Guddat, Joachim"]
[Result "1/2-1/2"]
[WhiteElo "1928"]
[BlackElo "2053"]
[PlyCount "35"]
[EventDate "2019.??.??"]
[SourceVersionDate "2020.03.16"]
[WhiteTeam "SC Tornado Hochneukirch 1"]
[BlackTeam "Krefelder SK Turm 2"]

1. e4 c6 2. d4 d5 3. Nd2 dxe4 4. Nxe4 Nf6 5. Nxf6+ gxf6 6. Be2 Bf5 7. Nf3 Qc7
8. O-O e6 9. c4 Nd7 10. Be3 Nb6 11. a4 a5 12. Qb3 Bb4 13. Rfd1 O-O 14. Rac1
Rad8 15. d5 exd5 16. cxd5 Nxd5 17. Bh6 Nf4 18. Bc4 1/2-1/2

[Event "SC Tornado Hochneukirch 1 - Krefelder S"]
[Site "NRW-Klasse - Gruppe 3 2019/20"]
[Date "2019.09.08"]
[Round "1.5"]
[White "Markgraf, Jonas"]
[Black "Heller, Harald"]
[Result "1/2-1/2"]
[WhiteElo "2001"]
[BlackElo "1946"]
[PlyCount "104"]
[EventDate "2019.??.??"]
[SourceVersionDate "2020.03.16"]
[WhiteTeam "Krefelder SK Turm 2"]
[BlackTeam "SC Tornado Hochneukirch 1"]

1. e4 d6 2. d4 Nf6 3. Nc3 c6 4. Nf3 Bg4 5. Be2 e6 6. O-O d5 7. exd5 cxd5 8. Ne5
Bxe2 9. Qxe2 a6 10. Bg5 Be7 11. Rad1 O-O 12. Rd3 Nbd7 13. Nxd7 Qxd7 14. Rg3 Kh8
15. Rh3 Ng8 16. Bxe7 Qxe7 17. Nd1 Qf6 18. c3 Ne7 19. Ne3 Ng6 20. Qh5 h6 21. Ng4
Qf4 22. Re3 Qg5 23. Qxg5 hxg5 24. Ne5 Nxe5 25. Rxe5 b5 26. Rxg5 a5 27. f4 g6
28. h4 b4 29. h5 Kg7 30. Rf3 Rh8 31. hxg6 fxg6 32. Re5 Kf6 33. Rfe3 Rhe8 34. g4
bxc3 35. Rxc3 Rab8 36. b3 Rb7 37. f5 gxf5 38. gxf5 Rg8+ 39. Kf2 exf5 40. Rxd5
a4 41. Rc6+ Kg5 42. Rcc5 axb3 43. Rxf5+ Kg4 44. axb3 Rxb3 45. Rf7 Ra8 46. Re5
Rd3 47. Rg7+ Kf4 48. Rf7+ Kg4 49. Rg7+ Kf4 50. Rf7+ Kg4 51. Rg7+ Kf4 52. Rf7+
Kg4 1/2-1/2

[Event "SC Tornado Hochneukirch 1 - Krefelder S"]
[Site "NRW-Klasse - Gruppe 3 2019/20"]
[Date "2019.09.08"]
[Round "1.6"]
[White "Burstein, Garri"]
[Black "Noever, Niklas"]
[Result "1/2-1/2"]
[WhiteElo "2050"]
[BlackElo "1868"]
[PlyCount "154"]
[EventDate "2019.??.??"]
[SourceVersionDate "2020.03.16"]
[WhiteTeam "SC Tornado Hochneukirch 1"]
[BlackTeam "Krefelder SK Turm 2"]

1. c4 c5 2. Nc3 Nc6 3. g3 g6 4. Bg2 Bg7 5. Nf3 Nh6 6. h4 d6 7. h5 Bg4 8. hxg6
hxg6 9. d3 Qd7 10. Qa4 Bxf3 11. Bxf3 Nd4 12. Qxd7+ Kxd7 13. Kf1 Nxf3 14. exf3
Nf5 15. Rxh8 Rxh8 16. Kg2 Nd4 17. Be3 e6 18. Bxd4 Bxd4 19. Ne2 Bf6 20. f4 Kc6
21. Rb1 a5 22. a4 d5 23. Kf3 Rd8 24. Ke3 g5 25. fxg5 Bxg5+ 26. f4 Bf6 27. b3 e5
28. Rh1 Rh8 29. Rxh8 Bxh8 30. cxd5+ Kxd5 31. f5 Bg7 32. Nc3+ Kc6 33. Ne4 Bh6+
34. Ke2 Kd5 35. g4 Bf4 36. Nc3+ Kd4 37. Nb5+ Kd5 38. Kf3 b6 39. Nc3+ Kd4 40.
Ne2+ Kxd3 41. Nxf4+ exf4 42. g5 b5 43. g6 fxg6 44. f6 bxa4 45. f7 axb3 46. f8=Q
c4 47. Qd6+ Kc2 48. Qxg6+ Kb2 49. Qg2+ Ka3 50. Qf1 c3 51. Qc1+ Ka2 52. Qxc3 a4
53. Kxf4 a3 54. Qc4 Ka1 55. Qc3+ Ka2 56. Ke3 b2 57. Qc2 Ka1 58. Qc3 Ka2 59. Qd2
Ka1 60. Qd4 Ka2 61. Qd5+ Ka1 62. Qe5 Ka2 63. Qe6+ Ka1 64. Qf6 Ka2 65. Qf7+ Ka1
66. Qg7 Ka2 67. Qg8+ Ka1 68. Qh8 Ka2 69. Qh2 Ka1 70. Qe5 Ka2 71. Qd5+ Ka1 72.
Qd4 Ka2 73. Qc4+ Ka1 74. Qc3 Ka2 75. Qc4+ Ka1 76. Qb3 b1=Q 77. Qxa3+ Qa2
1/2-1/2

[Event "SC Tornado Hochneukirch 1 - Krefelder S"]
[Site "NRW-Klasse - Gruppe 3 2019/20"]
[Date "2019.09.08"]
[Round "1.7"]
[White "Cozzuto, Alessandro"]
[Black "Bohlmann, Erwin"]
[Result "0-1"]
[WhiteElo "1818"]
[BlackElo "1869"]
[PlyCount "74"]
[EventDate "2019.??.??"]
[SourceVersionDate "2020.03.16"]
[WhiteTeam "Krefelder SK Turm 2"]
[BlackTeam "SC Tornado Hochneukirch 1"]

1. c4 Nf6 2. g3 g6 3. Bg2 Bg7 4. Nc3 O-O 5. d3 d6 6. Bg5 h6 7. Bd2 c6 8. e4 e5
9. Nge2 Nbd7 10. O-O a6 11. f4 b5 12. Qc1 Kh7 13. f5 Bb7 14. h3 b4 15. Nd1 d5
16. Nf2 a5 17. g4 dxe4 18. dxe4 Ng8 19. g5 hxg5 20. Bxg5 Bf6 21. h4 Bxg5 22.
hxg5 f6 23. Nh3 Nc5 24. Rd1 Qe7 25. Qe3 Bc8 26. Ng3 Kg7 27. Rf1 Nb7 28. Kh1 Nd6
29. Qe2 Qf7 30. Qg4 Ra7 31. gxf6+ Nxf6 32. Nh5+ Nxh5 33. Ng5 Qe8 34. Rad1 Nxc4
35. Rc1 Ba6 36. Bf3 Ra8 37. Rg1 Nf4 0-1

[Event "SC Tornado Hochneukirch 1 - Krefelder S"]
[Site "NRW-Klasse - Gruppe 3 2019/20"]
[Date "2019.09.08"]
[Round "1.8"]
[White "Wolter, Harald"]
[Black "Komans, Dieter"]
[Result "0-1"]
[WhiteElo "1912"]
[BlackElo "2004"]
[PlyCount "56"]
[EventDate "2019.??.??"]
[SourceVersionDate "2020.03.16"]
[WhiteTeam "SC Tornado Hochneukirch 1"]
[BlackTeam "Krefelder SK Turm 2"]

1. e4 e5 2. Nf3 Nc6 3. Bb5 Nf6 4. d3 Bd6 5. O-O O-O 6. Bg5 Ne7 7. Nbd2 c6 8.
Ba4 Bc7 9. c4 h6 10. Bxf6 gxf6 11. Nh4 Kh7 12. Qh5 d5 13. cxd5 cxd5 14. f4 exf4
15. Bb3 Be6 16. Rf3 Rg8 17. Nf5 Nxf5 18. exf5 Rg5 19. Qh4 Bxf5 20. Nf1 Bg4 21.
Rf2 Bb6 22. h3 Bxf2+ 23. Kxf2 Qb6+ 24. Ke1 Qb4+ 25. Kf2 Qd4+ 26. Ke1 Re8+ 27.
Kd2 Qxb2+ 28. Bc2 Re2+ 0-1

[Event "Ratinger SK 1 - Kölner SK Dr. Lasker 2"]
[Site "NRW-Klasse - Gruppe 3 2019/20"]
[Date "2019.09.08"]
[Round "1.1"]
[White "di Franco, Patrizio"]
[Black "Graeber, Ralf"]
[Result "1/2-1/2"]
[WhiteElo "2037"]
[BlackElo "2133"]
[PlyCount "35"]
[EventDate "2019.??.??"]
[SourceVersionDate "2020.03.16"]
[WhiteTeam "Kölner SK Dr. Lasker 2"]
[BlackTeam "Ratinger SK 1"]

1. d4 Nf6 2. Nf3 c5 3. d5 g6 4. Nc3 d6 5. e4 Bg7 6. Bc4 O-O 7. O-O Bg4 8. h3
Bxf3 9. Qxf3 Nbd7 10. Bf4 Ne8 11. Qe3 Nc7 12. Bh6 Bd4 13. Qe2 Re8 14. a4 e6 15.
dxe6 Nxe6 16. Be3 Bxe3 17. fxe3 Ne5 18. Nd5 1/2-1/2

[Event "Ratinger SK 1 - Kölner SK Dr. Lasker 2"]
[Site "NRW-Klasse - Gruppe 3 2019/20"]
[Date "2019.09.08"]
[Round "1.2"]
[White "Brosig, Boris"]
[Black "Mandt, Mathias"]
[Result "1-0"]
[WhiteElo "2175"]
[BlackElo "2045"]
[PlyCount "63"]
[EventDate "2019.??.??"]
[SourceVersionDate "2020.03.16"]
[WhiteTeam "Ratinger SK 1"]
[BlackTeam "Kölner SK Dr. Lasker 2"]

1. e4 Nf6 2. e5 Nd5 3. Bc4 Nb6 4. Bb3 d6 5. exd6 exd6 6. a4 a5 7. d4 Be7 8. Nf3
Bg4 9. O-O O-O 10. Be3 Nc6 11. c3 Kh8 12. h3 Bh5 13. Nbd2 f5 14. Bf4 g5 15. Bh2
g4 16. hxg4 fxg4 17. Ne1 Bh4 18. Nd3 Qe8 19. Qe1 Qg6 20. Nf4 Rxf4 21. Bxf4 Re8
22. Qb1 Qg7 23. Qf5 Qg6 24. Qxg6 Bxg6 25. Rfe1 Rf8 26. g3 Bd8 27. Ne4 Kg7 28.
Ng5 Bxg5 29. Bxg5 d5 30. Be7 Rf7 31. Bc5 Be4 32. Rxe4 1-0

[Event "Ratinger SK 1 - Kölner SK Dr. Lasker 2"]
[Site "NRW-Klasse - Gruppe 3 2019/20"]
[Date "2019.09.08"]
[Round "1.3"]
[White "Strohmeyer, Jochen"]
[Black "Probst, Andreas"]
[Result "1/2-1/2"]
[WhiteElo "2145"]
[BlackElo "2130"]
[PlyCount "27"]
[EventDate "2019.??.??"]
[SourceVersionDate "2020.03.16"]
[WhiteTeam "Kölner SK Dr. Lasker 2"]
[BlackTeam "Ratinger SK 1"]

1. e4 c5 2. g3 d5 3. exd5 Qxd5 4. Nf3 Bg4 5. Bg2 Qe6+ 6. Kf1 Nc6 7. h3 Bh5 8.
d3 Qd7 9. g4 Bg6 10. Nc3 e6 11. Bf4 Bd6 12. Qd2 Nge7 13. Re1 O-O 14. Kg1
1/2-1/2

[Event "Ratinger SK 1 - Kölner SK Dr. Lasker 2"]
[Site "NRW-Klasse - Gruppe 3 2019/20"]
[Date "2019.09.08"]
[Round "1.4"]
[White "Dehne, Mirko"]
[Black "Diesner, Michael"]
[Result "1-0"]
[WhiteElo "2103"]
[BlackElo "2069"]
[PlyCount "47"]
[EventDate "2019.??.??"]
[SourceVersionDate "2020.03.16"]
[WhiteTeam "Ratinger SK 1"]
[BlackTeam "Kölner SK Dr. Lasker 2"]

1. Nf3 c5 2. c4 Nf6 3. g3 d5 4. Bg2 Nc6 5. cxd5 Nxd5 6. Nc3 e5 7. Nxe5 Nxe5 8.
Nxd5 Bd6 9. O-O h5 10. h4 Bg4 11. d3 Qd7 12. Bg5 O-O 13. Re1 f6 14. Bf4 g5 15.
hxg5 fxg5 16. Bxg5 Qg7 17. Qd2 Nf7 18. Bf6 Qg6 19. e4 Rae8 20. f4 Qh6 21. Qc3
h4 22. Bxh4 Ne5 23. Rf1 Nc6 24. Nf6+ 1-0

[Event "Ratinger SK 1 - Kölner SK Dr. Lasker 2"]
[Site "NRW-Klasse - Gruppe 3 2019/20"]
[Date "2019.09.08"]
[Round "1.5"]
[White "Rosenkraenzer, Torsten"]
[Black "Gatterer, Matthias"]
[Result "1-0"]
[WhiteElo "1995"]
[BlackElo "1984"]
[Annotator "Daniel"]
[PlyCount "109"]
[EventDate "2019.??.??"]
[SourceVersionDate "2020.03.16"]
[WhiteTeam "Kölner SK Dr. Lasker 2"]
[BlackTeam "Ratinger SK 1"]

1. d4 d5 2. c4 e6 3. Nc3 Nf6 4. cxd5 exd5 5. Bg5 Be7 6. e3 O-O 7. Bd3 Nbd7 8.
Qc2 c6 9. h3 Re8 10. Bf4 Nf8 11. Nf3 Bd6 12. Bxd6 Qxd6 13. O-O-O Be6 14. Kb1
Rac8 15. g4 a6 16. Rc1 c5 17. dxc5 Qxc5 18. Nd4 b5 19. Qd1 Qd6 20. Qf3 b4 $11
21. Nce2 N6d7 22. Qf4 Qb6 23. Nb3 a5 24. Qd4 a4 25. Qxb6 Nxb6 26. Nc5 a3 27. b3
Nfd7 28. Bb5 Kf8 29. Nxd7+ Bxd7 30. Ba6 Ra8 31. Bd3 Rac8 32. Nd4 h5 33. Bf5 g6
34. Bxd7 Nxd7 35. Nc6 Re4 36. gxh5 gxh5 37. Nd4 Ree8 38. Nf5 Nf6 39. Nd6 Rxc1+
40. Rxc1 Rd8 41. Rc6 Kg7 42. Nf5+ Kg6 43. Nd4 Kg7 44. f3 Re8 45. Kc2 Nd7 46.
Nf5+ Kg8 47. f4 Nf8 48. Kd3 Ne6 49. Ng3 d4 50. Nxh5 Rd8 51. e4 Kf8 52. h4 Ke7
53. f5 Nf8 54. Nf6 Nd7 55. Nd5+ 1-0

[Event "Ratinger SK 1 - Kölner SK Dr. Lasker 2"]
[Site "NRW-Klasse - Gruppe 3 2019/20"]
[Date "2019.09.08"]
[Round "1.7"]
[White "Glaser, Steffen"]
[Black "Podhorsky, Roman"]
[Result "1/2-1/2"]
[WhiteElo "1944"]
[BlackElo "1995"]
[PlyCount "32"]
[EventDate "2019.??.??"]
[SourceVersionDate "2020.03.16"]
[WhiteTeam "Kölner SK Dr. Lasker 2"]
[BlackTeam "Ratinger SK 1"]

1. e4 e6 2. d4 d5 3. Nd2 Nf6 4. Bd3 c5 5. exd5 exd5 6. dxc5 Bxc5 7. Nb3 Be7 8.
Nf3 Nc6 9. Bf4 Bg4 10. h3 Bh5 11. O-O O-O 12. Re1 Rc8 13. Bf5 Ra8 14. c3 Re8
15. Qd3 Bg6 16. Rad1 a5 1/2-1/2